000
00194nam a2200097Ia 4500
008
190216s9999||||xx |||||||||||||| ||und||
100
_a
Tritton As
245
0
_a
Arabic
260
_b
Null
942
_c
BK
999
_c
129
_d
129